Del autoritarismo a la democracia
Guardat en:
| Autor principal: | |
|---|---|
| Format: | Llibre |
| Idioma: | espanyol |
| Publicat: |
Madrid
Rialp
1987
|
| Matèries: | |
| Etiquetes: |
Afegir etiqueta
Sense etiquetes, Sigues el primer a etiquetar aquest registre!
|
MARC
| LEADER | 00000nam a2200000 a 4500 | ||
|---|---|---|---|
| 001 | UCW9890 | ||
| 003 | CL-VaPUC | ||
| 008 | 890704e19870000SP |||||||||||||||||spa|d | ||
| 082 | 0 | 4 | |a 321.9 |b FER |2 21 |
| 100 | |a Ferrando Badía, Juan |e author |9 315345 | ||
| 245 | 1 | 0 | |a Del autoritarismo a la democracia |
| 300 | |a 246 p | ||
| 942 | |c BK | ||
| 945 | |d 19890704 00:00:00 | ||
| 260 | |a Madrid |b Rialp |c 1987 | ||
| 500 | |a Contiene Constitución Española | ||
| 650 | 0 | |a Autoritarismo |9 295297 | |
| 650 | 0 | |a Democracia |9 255256 | |
| 651 | 0 | |a España |9 254926 | |
| 583 | |a last modification |c 19890704 00:00:00 |k Rodrigo Vera | ||
| 999 | |c 221735 |d 221733 | ||
| 952 | |0 0 |1 0 |4 0 |6 321_900000000000000_FER_1987 |7 0 |8 A |9 215519 |a BIBHIS |b BIBHIS |d 2019-11-15 |i 2839393 |o 321.9 FER 1987 |p 2839393 |r 2025-01-20 |w 2019-11-15 |y BK |k HIS | ||